[Event "Russian Blitz Team Championship (m)"]
[Site "Sochi"]
[Date "2022.10.17"]
[Round "2.2"]
[White "Dreev, Aleksey"]
[Black "Zakhartsov, Viacheslav V."]
[Result "1/2-1/2"]
[BlackElo "2414"]
[WhiteElo "2625"]
[LiveChessVersion "1.4.8"]

1. d4 {[%clk 0:03:03]} Nf6 {[%clk 0:03:03]} 2. Nf3 {[%clk 0:03:03]} e6
{[%clk 0:03:04]} 3. c4 {[%clk 0:02:58]} b6 {[%clk 0:03:03]} 4. Nc3
{[%clk 0:02:57]} Bb7 {[%clk 0:02:57]} 5. a3 {[%clk 0:02:56]} d5 {[%clk 0:02:58]}
6. Qc2 {[%clk 0:02:57]} Be7 {[%clk 0:02:50]} 7. cxd5 {[%clk 0:02:57]} Nxd5
{[%clk 0:02:50]} 8. Bd2 {[%clk 0:02:57]} O-O {[%clk 0:02:46]} 9. e4
{[%clk 0:02:58]} Nxc3 {[%clk 0:02:46]} 10. Bxc3 {[%clk 0:02:59]} Nd7
{[%clk 0:02:39]} 11. Rd1 {[%clk 0:02:58]} Qc8 {[%clk 0:02:35]} 12. Bd3
{[%clk 0:02:51]} Ba6 {[%clk 0:02:21]} 13. O-O {[%clk 0:02:49]} Bxd3
{[%clk 0:02:13]} 14. Rxd3 {[%clk 0:02:25]} c5 {[%clk 0:02:12]} 15. d5
{[%clk 0:02:24]} exd5 {[%clk 0:02:08]} 16. exd5 {[%clk 0:02:23]} Bf6
{[%clk 0:02:04]} 17. Re3 {[%clk 0:02:16]} Qb7 {[%clk 0:01:56]} 18. Rd1
{[%clk 0:01:56]} Rad8 {[%clk 0:01:50]} 19. Qf5 {[%clk 0:01:53]} Bxc3
{[%clk 0:01:34]} 20. bxc3 {[%clk 0:01:53]} Nf6 {[%clk 0:01:35]} 21. d6
{[%clk 0:01:45]} Rfe8 {[%clk 0:01:11]} 22. Rxe8+ {[%clk 0:01:30]} Nxe8
{[%clk 0:01:07]} 23. Ng5 {[%clk 0:01:27]} Nf6 {[%clk 0:01:06]} 24. h3
{[%clk 0:01:22]} Qc6 {[%clk 0:00:55]} 25. Qd3 {[%clk 0:00:58]} h6
{[%clk 0:00:45]} 26. Nf3 {[%clk 0:00:57]} Qe4 {[%clk 0:00:34]} 27. Qa6
{[%clk 0:00:56]} Rd7 {[%clk 0:00:33]} 28. Qc8+ Kh7 29. Qf8 {[%clk 0:00:43]} Qe8
{[%clk 0:00:31]} 30. Qxe8 {[%clk 0:00:40]} Nxe8 {[%clk 0:00:32]} 31. Re1
{[%clk 0:00:23]} Nxd6 {[%clk 0:00:33]} 32. Rd1 {[%clk 0:00:25]} f6
{[%clk 0:00:32]} 33. Nh4 {[%clk 0:00:23]} g6 {[%clk 0:00:29]} 34. g4
{[%clk 0:00:19]} Rd8 {[%clk 0:00:28]} 35. Re1 {[%clk 0:00:18]} Rd7
{[%clk 0:00:30]} 36. Rd1 {[%clk 0:00:19]} Kg7 {[%clk 0:00:31]} 37. Ng2
{[%clk 0:00:20]} Kf7 {[%clk 0:00:31]} 38. Nf4 {[%clk 0:00:19]} Rd8
{[%clk 0:00:31]} 39. a4 {[%clk 0:00:18]} Nb7 {[%clk 0:00:32]} 40. Re1
{[%clk 0:00:19]} Rd7 {[%clk 0:00:31]} 41. h4 {[%clk 0:00:20]} Na5
{[%clk 0:00:29]} 42. Kg2 {[%clk 0:00:20]} Nc4 {[%clk 0:00:30]} 43. Kg3
{[%clk 0:00:21]} Nb2 {[%clk 0:00:30]} 44. a5 {[%clk 0:00:20]} Nc4
{[%clk 0:00:30]} 45. a6 {[%clk 0:00:19]} Ne5 {[%clk 0:00:29]} 46. g5
{[%clk 0:00:17]} hxg5 {[%clk 0:00:28]} 47. hxg5 {[%clk 0:00:18]} Rd2
{[%clk 0:00:26]} 48. gxf6 {[%clk 0:00:19]} Kxf6 {[%clk 0:00:27]} 49. Rh1
{[%clk 0:00:18]} Ra2 {[%clk 0:00:27]} 50. Nd5+ {[%clk 0:00:18]} Ke6
{[%clk 0:00:26]} 51. Nc7+ {[%clk 0:00:19]} Kf5 {[%clk 0:00:27]} 52. Rh7
{[%clk 0:00:17]} Ra3 {[%clk 0:00:27]} 53. Nb5 {[%clk 0:00:17]} Rxa6
{[%clk 0:00:28]} 54. Nxa7 {[%clk 0:00:18]} Ra3 {[%clk 0:00:28]} 55. Nb5
{[%clk 0:00:19]} Rb3 {[%clk 0:00:29]} 56. Nd6+ {[%clk 0:00:20]} Ke6
{[%clk 0:00:30]} 57. Ne4 {[%clk 0:00:21]} Kd5 {[%clk 0:00:29]} 58. Kf4
{[%clk 0:00:21]} Nd3+ {[%clk 0:00:29]} 59. Ke3 {[%clk 0:00:23]} Nb2
{[%clk 0:00:30]} 60. Rd7+ {[%clk 0:00:20]} Kc6 {[%clk 0:00:30]} 61. Rd6+
{[%clk 0:00:22]} Kc7 {[%clk 0:00:31]} 62. Rxg6 {[%clk 0:00:23]} Na4
{[%clk 0:00:32]} 63. Kd3 {[%clk 0:00:23]} b5 {[%clk 0:00:31]} 64. f4
{[%clk 0:00:22]} Rb1 {[%clk 0:00:31]} 65. f5 {[%clk 0:00:22]} b4 {[%clk 0:00:29]}
66. cxb4 {[%clk 0:00:21]} cxb4 {[%clk 0:00:31]} 67. f6 {[%clk 0:00:22]} Rf1
{[%clk 0:00:32]} 68. Rg7+ {[%clk 0:00:20]} Kc6 {[%clk 0:00:33]} 69. Kd4
{[%clk 0:00:20]} Nc3 {[%clk 0:00:33]} 70. Nxc3 {[%clk 0:00:16]} bxc3
{[%clk 0:00:34]} 71. Ke4 1/2-1/2

[Event "Russian Blitz Team Championship (m)"]
[Site "Sochi"]
[Date "2022.10.17"]
[Round "2.3"]
[White "Kukhmazov, Arsen"]
[Black "Malakhov, Vladimir"]
[Result "0-1"]
[BlackElo "2654"]
[WhiteElo "2395"]
[LiveChessVersion "1.4.8"]

1. d4 {[%clk 0:03:03]} d5 {[%clk 0:03:04]} 2. c4 {[%clk 0:03:04]} e6
{[%clk 0:03:05]} 3. Nf3 {[%clk 0:03:05]} Nf6 {[%clk 0:03:06]} 4. g3
{[%clk 0:03:06]} Be7 {[%clk 0:03:07]} 5. Bg2 {[%clk 0:03:06]} O-O
{[%clk 0:03:07]} 6. O-O {[%clk 0:03:06]} c6 {[%clk 0:03:09]} 7. Nc3
{[%clk 0:03:03]} b6 {[%clk 0:03:08]} 8. Nd2 {[%clk 0:03:04]} Bb7 {[%clk 0:03:01]}
9. e4 {[%clk 0:03:03]} dxe4 {[%clk 0:03:01]} 10. Ndxe4 {[%clk 0:03:04]} Nbd7
{[%clk 0:03:02]} 11. Qe2 {[%clk 0:02:46]} Nxe4 {[%clk 0:03:01]} 12. Nxe4
{[%clk 0:02:47]} Qc8 {[%clk 0:02:36]} 13. Bf4 {[%clk 0:02:43]} c5
{[%clk 0:02:35]} 14. Nd6 {[%clk 0:01:51]} Bxd6 {[%clk 0:02:34]} 15. Bxb7
{[%clk 0:01:51]} Qxb7 {[%clk 0:02:32]} 16. Bxd6 {[%clk 0:01:52]} Rfc8
{[%clk 0:02:28]} 17. Rfd1 {[%clk 0:01:48]} Nf6 {[%clk 0:01:49]} 18. dxc5
{[%clk 0:01:24]} bxc5 {[%clk 0:01:50]} 19. Be5 {[%clk 0:01:25]} Qe4
{[%clk 0:01:46]} 20. Qxe4 {[%clk 0:01:07]} Nxe4 {[%clk 0:01:47]} 21. Rd7
{[%clk 0:01:00]} f6 {[%clk 0:01:48]} 22. Bf4 {[%clk 0:01:01]} e5 {[%clk 0:01:28]}
23. Be3 {[%clk 0:01:01]} Rab8 {[%clk 0:01:25]} 24. f3 {[%clk 0:00:56]} Ng5
{[%clk 0:01:25]} 25. Bxg5 {[%clk 0:00:52]} fxg5 {[%clk 0:01:26]} 26. b3
{[%clk 0:00:54]} a5 {[%clk 0:01:08]} 27. Re1 {[%clk 0:00:54]} Re8
{[%clk 0:01:09]} 28. Rd5 {[%clk 0:00:47]} a4 {[%clk 0:01:06]} 29. bxa4
{[%clk 0:00:45]} Rb4 {[%clk 0:00:59]} 30. Rxc5 {[%clk 0:00:46]} Rxa4 31. Re2
{[%clk 0:00:39]} h6 {[%clk 0:01:00]} 32. Rc7 {[%clk 0:00:25]} Ra3
{[%clk 0:01:01]} 33. Kg2 {[%clk 0:00:24]} Kh7 {[%clk 0:00:43]} 34. c5
{[%clk 0:00:25]} Kg6 {[%clk 0:00:43]} 35. c6 {[%clk 0:00:23]} Rc3
{[%clk 0:00:43]} 36. a4 {[%clk 0:00:22]} Rf8 {[%clk 0:00:41]} 37. Rxe5
{[%clk 0:00:15]} Rc2+ {[%clk 0:00:41]} 38. Kh3 {[%clk 0:00:03]} Rxf3
{[%clk 0:00:41]} 39. Re4 {[%clk 0:00:03]} h5 {[%clk 0:00:39]} 40. Re6+
{[%clk 0:00:03]} Kf5 {[%clk 0:00:29]} 41. Rf7+ {[%clk 0:00:04]} Kxe6 42. Rxf3
{[%clk 0:00:06]} g4+ {[%clk 0:00:31]} 0-1

[Event "Russian Blitz Team Championship (m)"]
[Site "Sochi"]
[Date "2022.10.17"]
[Round "2.4"]
[White "Popov, Ivan"]
[Black "Bryakin, Mikhail"]
[Result "1-0"]
[BlackElo "2367"]
[WhiteElo "2549"]
[LiveChessVersion "1.4.8"]

1. e4 {[%clk 0:03:03]} c6 {[%clk 0:03:03]} 2. d4 {[%clk 0:03:03]} d5
{[%clk 0:03:04]} 3. Nc3 {[%clk 0:03:04]} dxe4 {[%clk 0:03:05]} 4. Nxe4
{[%clk 0:03:04]} Bf5 {[%clk 0:03:07]} 5. Ng3 Bg6 6. h4 {[%clk 0:03:06]} h6
{[%clk 0:03:10]} 7. Bd3 {[%clk 0:03:07]} Bxd3 {[%clk 0:03:10]} 8. Qxd3
{[%clk 0:03:07]} Nf6 {[%clk 0:03:08]} 9. Bd2 {[%clk 0:03:00]} e6 {[%clk 0:03:09]}
10. O-O-O {[%clk 0:02:55]} Nbd7 {[%clk 0:03:10]} 11. N1e2 {[%clk 0:02:54]} Bd6
{[%clk 0:02:58]} 12. Ne4 {[%clk 0:02:49]} Nxe4 {[%clk 0:02:51]} 13. Qxe4
{[%clk 0:02:49]} Nf6 {[%clk 0:02:43]} 14. Qf3 {[%clk 0:02:48]} Qc7
{[%clk 0:02:24]} 15. c4 {[%clk 0:02:45]} O-O-O {[%clk 0:02:09]} 16. Nc3
{[%clk 0:02:34]} Bb4 {[%clk 0:01:22]} 17. a3 {[%clk 0:02:15]} Bxc3
{[%clk 0:01:17]} 18. Bxc3 {[%clk 0:02:16]} b5 {[%clk 0:00:48]} 19. b3
{[%clk 0:01:34]} a6 {[%clk 0:00:37]} 20. Rhe1 {[%clk 0:01:30]} Kb7
{[%clk 0:00:22]} 21. Kb2 {[%clk 0:01:25]} Qd6 {[%clk 0:00:19]} 22. Bb4
{[%clk 0:01:19]} Qc7 {[%clk 0:00:19]} 23. Ka2 {[%clk 0:01:11]} h5
{[%clk 0:00:19]} 24. g3 {[%clk 0:00:58]} Ng4 {[%clk 0:00:19]} 25. Re2
{[%clk 0:00:43]} Rd7 {[%clk 0:00:20]} 26. Qc3 {[%clk 0:00:41]} Rc8
{[%clk 0:00:14]} 27. Rc2 {[%clk 0:00:37]} Nh6 {[%clk 0:00:13]} 28. Bc5
{[%clk 0:00:26]} Nf5 {[%clk 0:00:13]} 29. a4 {[%clk 0:00:27]} Ra8
{[%clk 0:00:14]} 30. Kb1 {[%clk 0:00:24]} Nd6 {[%clk 0:00:13]} 31. Qd3
{[%clk 0:00:19]} Qa5 {[%clk 0:00:10]} 32. Ra2 {[%clk 0:00:17]} Qd8
{[%clk 0:00:06]} 33. Qe2 {[%clk 0:00:15]} Qc8 {[%clk 0:00:04]} 34. Qxh5
{[%clk 0:00:16]} Nf5 {[%clk 0:00:05]} 35. Qf3 {[%clk 0:00:14]} bxc4
{[%clk 0:00:05]} 36. bxc4 Kc7 37. Rb2 {[%clk 0:00:14]} Kd8 {[%clk 0:00:07]} 38.
g4 {[%clk 0:00:14]} Nh6 {[%clk 0:00:06]} 39. Qf4 {[%clk 0:00:10]} Ke8
{[%clk 0:00:06]} 40. Qg5 {[%clk 0:00:09]} Rb7 {[%clk 0:00:03]} 41. Rdd2
{[%clk 0:00:09]} Rab8 {[%clk 0:00:04]} 42. Qxg7 {[%clk 0:00:09]} Rxb2+
{[%clk 0:00:05]} 43. Rxb2 {[%clk 0:00:10]} Rxb2+ {[%clk 0:00:06]} 44. Kxb2
{[%clk 0:00:12]} Qb8+ {[%clk 0:00:08]} 45. Ka2 {[%clk 0:00:12]} Qf4
{[%clk 0:00:09]} 46. Qf8+ {[%clk 0:00:11]} Kd7 {[%clk 0:00:10]} 47. Qe7+
{[%clk 0:00:12]} Kc8 {[%clk 0:00:11]} 48. Qe8+ {[%clk 0:00:10]} Kc7
{[%clk 0:00:13]} 49. Qe7+ Kc8 50. Bd6 {[%clk 0:00:05]} Qd2+ {[%clk 0:00:15]} 51.
Kb3 {[%clk 0:00:06]} Qd3+ {[%clk 0:00:06]} 52. Kb4 {[%clk 0:00:07]} Qd2+
{[%clk 0:00:07]} 53. Kc5 {[%clk 0:00:08]} Qa5+ {[%clk 0:00:08]} 54. Kxc6
{[%clk 0:00:08]} Qxa4+ {[%clk 0:00:08]} 55. Kb6 {[%clk 0:00:10]} Qd7
{[%clk 0:00:03]} 56. Qf8+ {[%clk 0:00:07]} Qd8+ {[%clk 0:00:04]} 57. Qxd8+
{[%clk 0:00:08]} Kxd8 {[%clk 0:00:05]} 58. f3 {[%clk 0:00:09]} 1-0

[Event "Russian Blitz Team Championship (m)"]
[Site "Sochi"]
[Date "2022.10.17"]
[Round "2.5"]
[White "Artemiev, Vladislav"]
[Black "Triapishko, Alexandr"]
[Result "1-0"]
[BlackElo "2479"]
[WhiteElo "2832"]
[LiveChessVersion "1.4.8"]

1. Nf3 {[%clk 0:03:01]} d6 {[%clk 0:03:00]} 2. d4 {[%clk 0:03:01]} Nf6
{[%clk 0:03:00]} 3. g3 {[%clk 0:03:02]} g6 {[%clk 0:02:59]} 4. Bg2
{[%clk 0:03:02]} Bg7 {[%clk 0:03:01]} 5. O-O {[%clk 0:03:02]} O-O
{[%clk 0:02:59]} 6. Nc3 {[%clk 0:03:02]} Nbd7 {[%clk 0:02:46]} 7. a4
{[%clk 0:03:02]} a5 {[%clk 0:02:46]} 8. b3 {[%clk 0:03:02]} Re8 {[%clk 0:02:07]}
9. Bb2 {[%clk 0:02:58]} c6 {[%clk 0:01:45]} 10. e4 {[%clk 0:02:59]} e5
{[%clk 0:01:23]} 11. Qd2 {[%clk 0:02:58]} exd4 {[%clk 0:01:16]} 12. Nxd4
{[%clk 0:02:58]} Nc5 {[%clk 0:01:17]} 13. Rfe1 {[%clk 0:02:59]} Qc7
{[%clk 0:01:12]} 14. Rad1 {[%clk 0:02:40]} Bg4 {[%clk 0:00:36]} 15. f3
{[%clk 0:02:41]} Be6 {[%clk 0:00:37]} 16. Nxe6 {[%clk 0:02:23]} Nxe6
{[%clk 0:00:38]} 17. Ba1 {[%clk 0:02:05]} Rad8 {[%clk 0:00:25]} 18. Ne2
{[%clk 0:01:46]} d5 {[%clk 0:00:19]} 19. e5 {[%clk 0:01:47]} Nd7 {[%clk 0:00:20]}
20. f4 {[%clk 0:01:46]} f6 {[%clk 0:00:17]} 21. exf6 {[%clk 0:01:42]} Nxf6
{[%clk 0:00:12]} 22. Kh1 {[%clk 0:00:49]} Nc5 {[%clk 0:00:11]} 23. Be5
{[%clk 0:00:50]} Qb6 {[%clk 0:00:06]} 24. Qd4 {[%clk 0:00:51]} Ncd7
{[%clk 0:00:05]} 25. Qxb6 {[%clk 0:00:51]} Nxb6 {[%clk 0:00:05]} 26. Bc7
{[%clk 0:00:53]} Na8 {[%clk 0:00:03]} 27. Bxd8 {[%clk 0:00:52]} Rxd8
{[%clk 0:00:04]} 28. Nd4 {[%clk 0:00:31]} Kf7 {[%clk 0:00:03]} 29. Ne6
{[%clk 0:00:31]} Re8 {[%clk 0:00:03]} 30. Nxg7 {[%clk 0:00:30]} Kxg7
{[%clk 0:00:04]} 31. Rxe8 {[%clk 0:00:28]} Nxe8 {[%clk 0:00:05]} 32. c4
{[%clk 0:00:24]} Nd6 {[%clk 0:00:05]} 33. cxd5 {[%clk 0:00:25]} c5
{[%clk 0:00:06]} 34. Re1 {[%clk 0:00:25]} Kf7 {[%clk 0:00:05]} 35. Re6
{[%clk 0:00:26]} Nf5 {[%clk 0:00:06]} 36. Bh3 {[%clk 0:00:23]} Nd4
{[%clk 0:00:04]} 37. Re3 {[%clk 0:00:16]} Nc7 {[%clk 0:00:03]} 38. d6
{[%clk 0:00:17]} Nd5 {[%clk 0:00:03]} 39. d7 {[%clk 0:00:16]} 1-0

[Event "Russian Blitz Team Championship (m)"]
[Site "Sochi"]
[Date "2022.10.17"]
[Round "2.6"]
[White "Kryakvin, Dmitry"]
[Black "Sjugirov, Sanan"]
[Result "1/2-1/2"]
[BlackElo "2609"]
[WhiteElo "2436"]
[LiveChessVersion "1.4.8"]

1. d4 {[%clk 0:03:02]} d5 {[%clk 0:03:03]} 2. c4 {[%clk 0:03:02]} e6
{[%clk 0:03:03]} 3. Nf3 {[%clk 0:03:03]} a6 {[%clk 0:03:00]} 4. Bg5
{[%clk 0:03:00]} Nf6 {[%clk 0:02:47]} 5. e3 {[%clk 0:02:51]} Be7 {[%clk 0:02:38]}
6. Nc3 {[%clk 0:02:52]} O-O {[%clk 0:02:35]} 7. Qc2 {[%clk 0:02:52]} Nbd7
{[%clk 0:02:26]} 8. cxd5 {[%clk 0:02:46]} exd5 {[%clk 0:02:26]} 9. Bd3
{[%clk 0:02:45]} h6 {[%clk 0:02:17]} 10. Bh4 {[%clk 0:02:42]} c6 {[%clk 0:02:12]}
11. O-O {[%clk 0:02:39]} Re8 {[%clk 0:02:11]} 12. Rae1 {[%clk 0:02:28]} Ne4
{[%clk 0:01:54]} 13. Bxe7 {[%clk 0:02:28]} Qxe7 {[%clk 0:01:55]} 14. Nd2
{[%clk 0:02:24]} Nxd2 {[%clk 0:01:36]} 15. Qxd2 {[%clk 0:02:24]} Nf6
{[%clk 0:01:36]} 16. f3 {[%clk 0:01:42]} c5 {[%clk 0:00:32]} 17. dxc5
{[%clk 0:01:38]} Qxc5 {[%clk 0:00:32]} 18. Bc2 {[%clk 0:01:29]} Bd7
{[%clk 0:00:26]} 19. Bb3 {[%clk 0:01:23]} Be6 {[%clk 0:00:11]} 20. Qd4
{[%clk 0:01:20]} Qxd4 {[%clk 0:00:09]} 21. exd4 {[%clk 0:01:21]} Kf8
{[%clk 0:00:07]} 22. Rc1 {[%clk 0:01:19]} Rac8 {[%clk 0:00:07]} 23. Na4
{[%clk 0:01:16]} Bd7 {[%clk 0:00:04]} 24. Nb6 {[%clk 0:01:06]} Rxc1
{[%clk 0:00:05]} 25. Rxc1 {[%clk 0:01:07]} Bc6 {[%clk 0:00:06]} 26. Kf2
{[%clk 0:01:05]} Ke7 {[%clk 0:00:06]} 27. Ba4 {[%clk 0:00:58]} Kd6
{[%clk 0:00:06]} 28. Bxc6 bxc6 29. Na4 {[%clk 0:00:52]} Nd7 {[%clk 0:00:08]} 30.
b3 {[%clk 0:00:50]} h5 {[%clk 0:00:08]} 31. Nc5 {[%clk 0:00:44]} Nxc5
{[%clk 0:00:09]} 32. Rxc5 {[%clk 0:00:45]} Kc7 {[%clk 0:00:08]} 33. h4
{[%clk 0:00:41]} 1/2-1/2

[Event "Russian Blitz Team Championship (m)"]
[Site "Sochi"]
[Date "2022.10.17"]
[Round "2.7"]
[White "Timofeev, Artyom"]
[Black "Truskavetsky, Alexandr"]
[Result "1-0"]
[BlackElo "2319"]
[WhiteElo "2579"]
[LiveChessVersion "1.4.8"]

1. e4 {[%clk 0:03:02]} c5 {[%clk 0:03:03]} 2. Nc3 {[%clk 0:03:01]} e6
{[%clk 0:03:00]} 3. d4 {[%clk 0:03:01]} cxd4 {[%clk 0:02:59]} 4. Qxd4
{[%clk 0:03:01]} Nc6 {[%clk 0:02:53]} 5. Qd3 {[%clk 0:03:01]} Nf6
{[%clk 0:02:49]} 6. Bf4 {[%clk 0:03:01]} Bb4 {[%clk 0:02:36]} 7. O-O-O
{[%clk 0:03:00]} O-O {[%clk 0:02:04]} 8. Nge2 {[%clk 0:02:58]} d5
{[%clk 0:01:58]} 9. exd5 {[%clk 0:02:38]} exd5 {[%clk 0:01:59]} 10. a3
{[%clk 0:02:37]} Bxc3 {[%clk 0:01:48]} 11. Nxc3 {[%clk 0:02:20]} d4
{[%clk 0:01:49]} 12. Ne4 {[%clk 0:02:09]} Bf5 {[%clk 0:01:45]} 13. Nxf6+
{[%clk 0:02:07]} Qxf6 {[%clk 0:01:46]} 14. Qg3 {[%clk 0:02:06]} Rac8
{[%clk 0:01:39]} 15. Bd3 {[%clk 0:02:06]} Bxd3 {[%clk 0:01:29]} 16. Rxd3
{[%clk 0:02:06]} Rfe8 {[%clk 0:01:30]} 17. Kb1 {[%clk 0:01:47]} Re2
{[%clk 0:01:23]} 18. Rc1 {[%clk 0:01:47]} h6 {[%clk 0:01:17]} 19. Qg4
{[%clk 0:00:38]} Rce8 {[%clk 0:01:12]} 20. Bg3 {[%clk 0:00:39]} Re1
{[%clk 0:00:59]} 21. Rdd1 {[%clk 0:00:40]} R1e2 {[%clk 0:00:57]} 22. Qd7
{[%clk 0:00:29]} b5 {[%clk 0:00:47]} 23. Qd5 {[%clk 0:00:27]} b4 {[%clk 0:00:46]}
24. axb4 {[%clk 0:00:26]} d3 {[%clk 0:00:10]} 25. Qxd3 {[%clk 0:00:24]} Nxb4
{[%clk 0:00:06]} 26. Qd4 {[%clk 0:00:25]} Qxd4 {[%clk 0:00:05]} 27. Rxd4
{[%clk 0:00:25]} Nc6 {[%clk 0:00:05]} 28. Rc4 {[%clk 0:00:24]} Ne7
{[%clk 0:00:05]} 29. Rc5 {[%clk 0:00:23]} g6 {[%clk 0:00:04]} 30. Ra5
{[%clk 0:00:22]} Nf5 {[%clk 0:00:05]} 31. Rxa7 {[%clk 0:00:17]} Nxg3
{[%clk 0:00:05]} 32. fxg3 {[%clk 0:00:14]} Rxg2 {[%clk 0:00:06]} 33. b4
{[%clk 0:00:13]} Rxh2 {[%clk 0:00:05]} 34. Kb2 {[%clk 0:00:14]} Rg2
{[%clk 0:00:06]} 35. Ra3 {[%clk 0:00:14]} Rb8 {[%clk 0:00:06]} 36. Rb3
{[%clk 0:00:14]} Rb5 {[%clk 0:00:06]} 37. Ka3 {[%clk 0:00:14]} h5
{[%clk 0:00:07]} 38. c4 {[%clk 0:00:14]} Rb8 {[%clk 0:00:07]} 39. b5
{[%clk 0:00:15]} Ra8+ {[%clk 0:00:05]} 40. Kb4 {[%clk 0:00:16]} Rga2
{[%clk 0:00:04]} 41. b6 {[%clk 0:00:15]} R2a4+ {[%clk 0:00:03]} 42. Kc5
{[%clk 0:00:15]} Rc8+ {[%clk 0:00:04]} 43. Kb5 {[%clk 0:00:15]} Ra2
{[%clk 0:00:04]} 44. c5 {[%clk 0:00:16]} g5 {[%clk 0:00:04]} 45. b7
{[%clk 0:00:17]} 1-0

[Event "Russian Blitz Team Championship (m)"]
[Site "Sochi"]
[Date "2022.10.17"]
[Round "2.8"]
[White "Derjabin, Ilja"]
[Black "Faizrakhmanov, Ramil"]
[Result "1-0"]
[BlackElo "2421"]
[WhiteElo "2341"]
[LiveChessVersion "1.4.8"]

1. d4 {[%clk 0:03:02]} Nf6 {[%clk 0:03:03]} 2. c4 {[%clk 0:03:03]} e6
{[%clk 0:03:05]} 3. Nc3 {[%clk 0:03:04]} Bb4 {[%clk 0:03:06]} 4. a3
{[%clk 0:03:05]} Bxc3+ {[%clk 0:03:06]} 5. bxc3 {[%clk 0:03:06]} c5
{[%clk 0:03:05]} 6. f3 {[%clk 0:03:07]} O-O {[%clk 0:02:52]} 7. e4
{[%clk 0:03:08]} Nc6 {[%clk 0:02:39]} 8. d5 {[%clk 0:02:57]} Na5 {[%clk 0:02:38]}
9. Bg5 {[%clk 0:02:56]} e5 {[%clk 0:02:29]} 10. g4 {[%clk 0:02:53]} b6
{[%clk 0:02:25]} 11. Ne2 {[%clk 0:02:25]} Nxc4 {[%clk 0:02:14]} 12. Ng3
{[%clk 0:02:26]} Nd6 {[%clk 0:02:14]} 13. Nh5 {[%clk 0:02:19]} Nde8
{[%clk 0:02:14]} 14. Qd2 {[%clk 0:02:19]} d6 {[%clk 0:02:03]} 15. h4
{[%clk 0:02:14]} Rb8 {[%clk 0:01:48]} 16. Ra2 {[%clk 0:02:10]} b5
{[%clk 0:01:47]} 17. Nxf6+ {[%clk 0:02:06]} Nxf6 {[%clk 0:01:47]} 18. h5
{[%clk 0:02:07]} a5 {[%clk 0:01:08]} 19. h6 {[%clk 0:02:05]} g6 {[%clk 0:01:08]}
20. Be2 {[%clk 0:01:44]} c4 {[%clk 0:00:53]} 21. Kf1 {[%clk 0:01:35]} b4
{[%clk 0:00:33]} 22. axb4 {[%clk 0:01:33]} axb4 {[%clk 0:00:34]} 23. cxb4
{[%clk 0:01:30]} c3 {[%clk 0:00:35]} 24. Qe1 {[%clk 0:01:01]} Rxb4
{[%clk 0:00:29]} 25. Qh4 {[%clk 0:01:02]} Rb1+ {[%clk 0:00:13]} 26. Kg2
{[%clk 0:01:03]} Rb2 {[%clk 0:00:14]} 27. Rxb2 {[%clk 0:00:58]} cxb2
{[%clk 0:00:15]} 28. Bxf6 {[%clk 0:00:52]} Qb6 {[%clk 0:00:15]} 29. Be7
{[%clk 0:00:41]} f6 {[%clk 0:00:04]} 30. Bxf8 {[%clk 0:00:40]} g5
{[%clk 0:00:05]} 31. Qf2 {[%clk 0:00:33]} b1=Q {[%clk 0:00:03]} 32. Rxb1
{[%clk 0:00:33]} Qxb1 {[%clk 0:00:04]} 33. Bxd6 {[%clk 0:00:34]} 1-0

[Event "Russian Blitz Team Championship (m)"]
[Site "Sochi"]
[Date "2022.10.17"]
[Round "2.9"]
[White "Alekseev, Evgeny"]
[Black "Chigaev, Maksim"]
[Result "1/2-1/2"]
[BlackElo "2537"]
[WhiteElo "2579"]
[LiveChessVersion "1.4.8"]

1. e4 {[%clk 0:03:02]} c5 {[%clk 0:03:03]} 2. Nf3 {[%clk 0:03:03]} e6
{[%clk 0:03:04]} 3. d4 {[%clk 0:03:04]} cxd4 {[%clk 0:03:05]} 4. Nxd4
{[%clk 0:03:04]} Nf6 {[%clk 0:03:06]} 5. Nc3 {[%clk 0:03:05]} Nc6
{[%clk 0:03:07]} 6. Ndb5 {[%clk 0:03:04]} Bb4 {[%clk 0:03:00]} 7. a3
{[%clk 0:03:04]} Bxc3+ {[%clk 0:03:01]} 8. Nxc3 {[%clk 0:03:04]} d5
{[%clk 0:03:02]} 9. exd5 {[%clk 0:03:04]} exd5 {[%clk 0:03:03]} 10. Bd3
{[%clk 0:03:00]} O-O {[%clk 0:03:03]} 11. O-O {[%clk 0:03:00]} Bg4
{[%clk 0:03:03]} 12. Be2 {[%clk 0:02:26]} Bxe2 {[%clk 0:02:40]} 13. Nxe2
{[%clk 0:02:25]} d4 {[%clk 0:02:36]} 14. Nf4 {[%clk 0:02:07]} Re8
{[%clk 0:02:30]} 15. Re1 {[%clk 0:01:59]} Qd7 {[%clk 0:02:28]} 16. Bd2
{[%clk 0:01:49]} Qf5 {[%clk 0:02:25]} 17. Nd3 {[%clk 0:01:47]} h6
{[%clk 0:02:15]} 18. Qf3 {[%clk 0:01:02]} Qxf3 {[%clk 0:01:32]} 19. gxf3
{[%clk 0:01:03]} b6 {[%clk 0:01:13]} 20. Kg2 {[%clk 0:01:01]} Rac8
{[%clk 0:01:14]} 21. Rxe8+ {[%clk 0:01:01]} Nxe8 {[%clk 0:01:10]} 22. Re1
{[%clk 0:00:55]} Nd6 {[%clk 0:01:05]} 23. Re2 {[%clk 0:00:45]} f6
{[%clk 0:00:55]} 24. f4 {[%clk 0:00:22]} Kf7 {[%clk 0:00:56]} 25. Kf3
{[%clk 0:00:23]} h5 {[%clk 0:00:41]} 26. Bb4 {[%clk 0:00:20]} Nf5
{[%clk 0:00:40]} 27. Bd2 {[%clk 0:00:17]} Nh4+ {[%clk 0:00:24]} 28. Kg3
{[%clk 0:00:18]} Nf5+ {[%clk 0:00:25]} 29. Kf3 {[%clk 0:00:19]} Nh4+
{[%clk 0:00:21]} 30. Kg3 {[%clk 0:00:19]} 1/2-1/2